LEADER 03185nam 2200697Ia 450 001 9910458151503321 005 20200520144314.0 010 $a0-8166-8371-9 035 $a(CKB)1000000000347235 035 $a(EBL)310209 035 $a(OCoLC)476092999 035 $a(SSID)ssj0000284733 035 $a(PQKBManifestationID)12064532 035 $a(PQKBTitleCode)TC0000284733 035 $a(PQKBWorkID)10277276 035 $a(PQKB)10053610 035 $a(SSID)ssj0000256431 035 $a(PQKBManifestationID)11186340 035 $a(PQKBTitleCode)TC0000256431 035 $a(PQKBWorkID)10225498 035 $a(PQKB)10290746 035 $a(MiAaPQ)EBC310209 035 $a(OCoLC)191935649 035 $a(MdBmJHUP)muse39935 035 $a(Au-PeEL)EBL310209 035 $a(CaPaEBR)ebr10159361 035 $a(CaONFJC)MIL522532 035 $a(EXLCZ)991000000000347235 100 $a19901127d1991 ub 0 101 0 $aeng 135 $aurcn||||||||| 181 $ctxt 182 $cc 183 $acr 200 00$aTechnoculture$b[electronic resource] /$fConstance Penley and Andrew Ross, editors 210 $aMinneapolis $cUniversity of Minnesota Press$dc1991 215 $a1 online resource (346 p.) 225 1 $aCultural politics ;$vv. 3 300 $aDescription based upon print version of record. 311 $a0-8166-1932-8 311 $a0-8166-1930-1 320 $aIncludes bibliographical references and index. 327 $aContents; Acknowledgments; Introduction; Cyborgs at Large: Interview with Donna Haraway; The Actors Are Cyborg, Nature Is Coyote, and the Geography Is Elsewhere: Postscript to ""Cyborgs at Large""; Containing Women: Reproductive Discourse in the 1980's; How to Have Theory in an Epidemic: The Evolution of AIDS Treatment Activism; Hacking Away at the Counterculture; Brownian Motion: Women, Tactics, and Technology; ""Penguin in Bondage"": A Graphic Tale of Japanese Comic Books; Hybridity, the Rap Race, and Pedagogy for the 1990's 327 $aWatch Out, Dick Tracy! Popular Video in the Wake of the Exxon Valdez Just the Facts, Ma'am: An Autobiography; Understanding Mega-Events: If We Are the World, Then How Do We Change It?; Black Box S-Thetix: Labor, Research, and Survival in the He[Art] of the Beast; The Lessons of Cyberpunk; Contributors; Index 330 $aThe contributors provide a realistic assessment of the politics-the dangers and possibilities-currently at stake in cultural practices touched by advanced technology, while suggesting new and timely possibilities for those concerned with the pressing need for technoliteracy. 410 0$aCultural politics (Minneapolis, Minn.) ;$vv. 3. 606 $aTechnology$xSocial aspects 606 $aCommunication and culture 608 $aElectronic books. 615 0$aTechnology$xSocial aspects. 615 0$aCommunication and culture. 676 $a303.48/3 701 $aPenley$b Constance$f1948-$0883179 701 $aRoss$b Andrew$0148210 801 0$bMiAaPQ 801 1$bMiAaPQ 801 2$bMiAaPQ 906 $aBOOK 912 $a9910458151503321 996 $aTechnoculture$92058599 997 $aUNINA LEADER 01432nas 2200505- 450 001 996296949903316 005 20230123213018.0 011 $a2589-5370 035 $a(DE-599)ZDB2946413-4 035 $a(OCoLC)1053625476 035 $a(CKB)4100000005044029 035 $a(CONSER)--2019243061 035 $a(EXLCZ)994100000005044029 100 $a20180920a20189999 o-- - 101 0 $aeng 135 $aur||||||||||| 181 $ctxt$2rdacontent 182 $cc$2rdamedia 183 $acr$2rdacarrier 200 00$aEClinicalMedicine 210 1$a[London] :$cThe Lancet,$d[2018]- 215 $a1 online resource 300 $aRefereed/Peer-reviewed 531 10$aEClinicalMedicine 606 $aMedicine$xResearch$vPeriodicals 606 $aMedical policy$vPeriodicals 606 $aClinical Medicine 606 $aHealth Policy 606 $aPublic Health 606 $aMedical policy$2fast$3(OCoLC)fst01014505 606 $aMedicine$xResearch$2fast$3(OCoLC)fst01015059 608 $aPeriodical. 608 $aPeriodicals.$2fast 610 $aMedical Research 615 0$aMedicine$xResearch 615 0$aMedical policy 615 12$aClinical Medicine. 615 2$aHealth Policy. 615 22$aPublic Health. 615 7$aMedical policy. 615 7$aMedicine$xResearch. 906 $aJOURNAL 912 $a996296949903316 996 $aEClinicalMedicine$91894981 997 $aUNISA